000 00319nam a2200133Ia 4500
008 190216s9999||||xx |||||||||||||| ||und||
100 _aJohn B Fraleigh
245 2 _aA First Course In Abstract Algebra
250 _a7th
260 _bNarosa Pubs House
_c1998
300 _a478p
650 _aMathematics
942 _cBK
999 _c31615
_d31615